| 000 | 01480nam0a2200337 4500 | ||
|---|---|---|---|
| 001 | RU\NLR\bibl\404955 | ||
| 005 | 20250622165403.0 | ||
| 021 |
_aRU _b2003-16684 _9770 |
||
| 035 | _a(NLR Aleph) 000399085 | ||
| 090 |
_a563652 _c563652 |
||
| 100 | _a20030523d2001 |||y0rusy50 ca | ||
| 101 | 0 | _arus | |
| 102 | _aRU | ||
| 105 | _ay ||||||||| | ||
| 200 | 1 |
_aВнешкольное образование в деятельности педагогических учреждений и общественных объединений русской эмиграции (1919-1939 гг.) _fА. В. Семченко _gМ-во образования Рос. Федерации, Тамб. гос. ун-т им. Г. Р. Державина |
|
| 210 |
_aТамбов _cИзд-во Тамб. гос. ун-та _d2001 |
||
| 215 |
_a171 с. _d21 |
||
| 606 | 0 |
_aВнешкольное образование _xИстория _xРусское зарубежье _92286344 _3RU\NLR\auth\661369524 |
|
| 610 | 0 | _aВнешкольные учреждения | |
| 610 | 0 | _aПедагогика русская зарубежная | |
| 675 |
_a374.01(091) _v3 _zrus |
||
| 686 |
_a14.27 _2rugasnti |
||
| 686 |
_a74.200.58 _2rubbk |
||
| 686 | _aЧ33(2)52 | ||
| 700 | 1 |
_aСемченко _bА. В. _gАнатолий Васильевич _4070 |
|
| 801 | 0 |
_aRU _bRKP _c20030523 _gPSBO |
|
| 801 | 1 |
_aRU _bRKP _c20030523 |
|
| 801 | 2 |
_aRU _bNLR _c20030708 _grcr |
|
| 942 | _cBOOK | ||
| 980 | _aNB | ||